Guess the Fusion Rock Song Lyrics #90 - Statistics

General Stats
  • This quiz has been taken 14 times
  • The average score is 148 of 197
Answer Stats
Answer % Correct
best
91%
me
91%
shot
91%
with
91%
you
91%
You
91%
your
91%
a
82%
Hit
82%
hit
82%
I
82%
all
73%
do
73%
don't
73%
Fire
73%
in
73%
it
73%
like
73%
my
73%
on
73%
one
73%
Pat Benatar
73%
the
73%
you're
73%
away
64%
care
64%
come
64%
down
64%
get
64%
how
64%
if
64%
it's
64%
let's
64%
little
64%
Of
64%
Put
64%
put
64%
real
64%
right
64%
see
64%
to
64%
up
64%
again
55%
another
55%
back
55%
better
55%
breaking
55%
cookie
55%
dukes
55%
fair
55%
feet
55%
fight
55%
hearts
55%
history
55%
Knock
55%
long
55%
make
55%
okay
55%
That's
55%
tough
55%
Well
55%
Why
55%
Before
45%
case
45%
lipstick
45%
notch
45%
sure
45%
vain
45%
place
36%
C'mon
27%
No matching quizzes found
Score Distribution
Percent of People with Each Score
Percentile by Number Answered
Your Score History
You have not taken this quiz